Zníženie hodnoty nehmotného majetku podľa slovenskej právnej úpravy a IFRS diplomová práca

Salvato in:
Dettagli Bibliografici
Autore principale: Krejčírová, Eva
Ente Autore: Fakulta hospodárskej informatiky EU. Katedra účtovníctva a audítorstva
Altri autori: Borbélyová, Tímea
Natura: Libro
Lingua:slovacco
Pubblicazione: Bratislava 2012
Tags: Aggiungi Tag
Nessun Tag, puoi essere il primo ad aggiungerne!!

MARC

LEADER 00000nbm a2200000 4500
001 0159212
005 20161109102233.5
041 0 |a slo 
044 |a SK 
245 1 0 |a Zníženie hodnoty nehmotného majetku podľa slovenskej právnej úpravy a IFRS  |b diplomová práca  |c Eva Krejčírová ; školiteľ: Tímea Borbélyová 
264 1 |a Bratislava  |c 2012 
300 |a 66 s. 
100 1 |a Krejčírová, Eva 
700 1 |a Borbélyová, Tímea 
710 2 |a Fakulta hospodárskej informatiky EU. Katedra účtovníctva a audítorstva